000 00347 a2200157 4500
001 150067
040 _cEscola São Tomás de Aquino
100 _aSOUZA, Angela Leite de
240 1 0 _aTrês gotas de poesia
_lpor
245 1 0 _aTrês gotas de poesia
300 _a31
362 0 _a2002
440 1 _aModerna
697 _aPoesia
942 _cBK
999 _c150067
_d150067